Volpi Cup for Best Actress - Statistics

General Stats
  • This quiz has been taken 11 times
  • The average score is 17 of 74
Answer Stats
Year Actress % Correct
2007 Cate Blanchett
100%
2016 Emma Stone
83%
1995 Isabelle Huppert
83%
1988 Isabelle Huppert
83%
1993 Juliette Binoche
83%
1958 Sophia Loren
83%
1937 Bette Davis
67%
1998 Catherine Deneuve
67%
1952 Ingrid Bergman
67%
2002 Julianne Moore
67%
1951 Vivien Leigh
67%
1962 Anna Magnani
50%
1956 Anna Magnani
50%
1947 Anna Magnani
50%
2006 Helen Mirren
50%
1949 Olivia de Havilland
50%
1988 Shirley Maclaine
50%
1960 Shirley Maclaine
50%
2014 Alba Rohrwacher
33%
2010 Ariane Labed
33%
2008 Dominique Blanc
33%
1934 Katharine Hepburn
33%
1938 Norma Shearer
33%
2015 Valeria Golino
33%
1986 Valeria Golino
33%
1994 Vanessa Redgrave
33%
1965 Annie Girardot
17%
1961 Geraldine Page
17%
1992 Gong Li
17%
1932 Helen Hayes
17%
2004 Imelda Staunton
17%
1958 Jeanne Moreau
17%
1959 Lucyna Winnicka
17%
1999 Nathalie Baye
17%
1995 Sandrine Bonnaire
17%
1967 Shirley Knight
17%
1991 Tilda Swinton
17%
1936 Annabella
0%
1993 Anna Bonaiuto
0%
1959 Carla Gravina
0%
1983 Darling Légitimus
0%
2011 Deanie Ip
0%
1963 Delphine Seyrig
0%
1957 Dzidra Ritenberga
0%
1950 Eleanor Parker
0%
2013 Elena Cotta
0%
1962 Emmanuelle Riva
0%
1957 Eva Marie Saint
0%
1989 Geraldine James
0%
2005 Giovanna Mezzogiorno
0%
1990 Gloria Münchmeyer
0%
2012 Hadas Yaron
0%
1964 Harriet Andersson
0%
1995 Isabella Ferrari
0%
1948 Jean Simmons
0%
1987 Kang Soo-yeon
0%
2003 Katja Riemann
0%
1942 Kristina Söderbaum
0%
2009 Kseniya Rappoport
0%
1968 Laura Betti
0%
1953 Lili Palmer
0%
1941 Luise Ullrich
0%
1959 Madeleine Robinson
0%
1994 Maria de Medeiros
0%
1956 Maria Schell
0%
1966 Natalya Arinbasarova
0%
1984 Pascale Ogier
0%
1935 Paula Wessely
0%
1989 Peggy Ashcroft
0%
1997 Robin Tunney
0%
2000 Rose Byrne
0%
2001 Sandra Ceccarelli
0%
1961 Suzanne Flon
0%
1996 Victoire Thivisol
0%
No matching quizzes found
Score Distribution
Percent of People with Each Score
Percentile by Number Answered
Your Score History
You have not taken this quiz